000 00705 a2200193 4500
008 100714t xxu||||| |||| 00| 0 eng d
010 _aENG-88972
020 _c695.00
_a9780195691900
035 _aEN-72505
037 _bD.B.Act / Pub
082 _a338.14
100 _aDev, S. Mahendra
245 _aInclusive growth in India :
_cby S. Mahendra Dev
_bagriculture, poverty and human development /
260 _aNew Delhi
_bOxford University Press
_c2008
300 _axxv, 399p.
_c22 cm ( Hb)
500 _aIncludes bibliographical references and index
942 _adpl
_cEN
_k338.14/ DEV
_2ddc
999 _c9613
_d9613